載入...

Indian agricultural : performace and potential

書目詳細資料
主要作者: Arvind Deshpande
其他作者: Bapat, S B
格式: Printed Book
語言:Undetermined
English
出版: Bombay Jaico Publishing House 1980
主題:
LEADER 00608nam a2200181Ia 4500
008 140306s9999 xx 000 0 und d
041 |a eng 
082 |a 338.1  |b ARV/IN 
100 |a Arvind Deshpande 
700 |a Bapat, S B 
245 |a Indian agricultural : performace and potential 
260 |a Bombay  |b Jaico Publishing House  |c 1980 
300 |a 169 
650 |a Agricultural economics 
650 |a Agricultural labours 
942 |2 ddc  |c BK 
999 |c 108564  |d 108564 
952 |0 0  |1 0  |2 ddc  |4 0  |6 338_100000000000000_ARVIN  |7 0  |9 105917  |a KAUHCV  |b KAUHCV  |d 2004-03-22  |o 338.1 ARV/IN  |p KAU_HCV-13026  |r 2014-03-22  |w 2014-03-22  |y BK